| 000 | 01023nam a22003017a 4500 | ||
|---|---|---|---|
| 003 | CHAP | ||
| 005 | 20220329133647.0 | ||
| 008 | 971013s1993 r 00010 d | ||
| 010 | _a9167 | ||
| 011 | _a10139 | ||
| 035 | _a9376 | ||
| 040 | _cCHAP | ||
| 082 |
_a634.9 _bI54 |
||
| 100 | 0 | 0 |
_aInnes, John L. _958826 |
| 245 | _aForest health its assessment and status | ||
| 260 |
_aWallingford, UK : _bC.A.B. International, _c1993 |
||
| 300 |
_a677 p. _b: ilus |
||
| 590 |
_aBATCH-UPD _b10 _c20130110 _lUCH01 _h2213 |
||
| 590 |
_aBATCH-UPD _b10 _c20130410 _lUCH01 _h1515 |
||
| 590 |
_aBATCH-UPD _b10 _c20130914 _lUCH01 _h0707 |
||
| 590 |
_aCONVERSION _b10 _c20130109 _lUCH01 _h1306 |
||
| 650 | 1 | 4 |
_aAire _xContaminacion _xEfecto en plantas. _93144 |
| 650 | 1 | 4 |
_aBosques _xDaños por contaminación. _914120 |
| 901 | _aBK | ||
| 942 | _cLIBRO | ||
| 949 |
_a634.9 I54 _bBC _cLIBRO _d33724000222618 _eLIBRO _gI. 171691 _h85591 _i9376 _si _t310.23 |
||
| 949 |
_a634.9 I54 _bBC _cLIBRO _d33724000222626 _eLIBRO _fc. 2 _gI. 171690 _h85592 _i9376 _si _t310.23 |
||
| 999 |
_c9167 _d9167 |
||